| 000 | 00382nam a2200157Ia 4500 | ||
|---|---|---|---|
| 008 | 230711s9999||||xx |||||||||||||| ||und|| | ||
| 041 | _aENG | ||
| 082 |
_a621.3 _bEY-M |
||
| 100 | _aChris Cooper | ||
| 245 | 0 | _aMatter (Eyewitness Science) | |
| 250 | _a1st Ed. | ||
| 260 |
_c1992 _aLondon _bDorling Kindersley Publishers LtdĀ |
||
| 300 | _a64 | ||
| 650 | _aLiterature | ||
| 942 | _cBK | ||
| 999 |
_c2788 _d2788 |
||